| 000 | 01671nam a2200265Ia 4500 | ||
|---|---|---|---|
| 003 | Ost | ||
| 005 | 20260507075140.0 | ||
| 008 | 260507s9999||||xx |||||||||||||| ||und|| | ||
| 020 | _a9772121507 | ||
| 040 | _cfsecg | ||
| 041 | _aara | ||
| 082 | _a330 | ||
| 100 |
_aخبابة، عبد الله _eمؤلف |
||
| 245 | 0 |
_aالوقائع الاقتصادية : _bالعولمة الاقتصادية-التنمية المستدامة / _c عبد الله خبابة |
|
| 260 |
_aالاسكندرية: _bمؤسسة شباب الجامعة, _c2009 |
||
| 300 |
_a403 صفحة؛ _bإيضاحات ؛ _c24 سم |
||
| 504 | _aالمراجع ص.385 (اقتناءات 2014 3ن) | ||
| 520 | _aالوقائع الاقتصادية من التاريخ القديم إلى بداية القرن العشرين،الأحداث الاقتصادية في التاريخ القديم،الوقائع الاقتصادية في البلاد الاسلامية قبل الاستعمار الرأسمالي،الاقتصاد الإقطاعي في أوروبا،النهضة الاقتصادية وبناء النظام الرأسمالي،الوقائع الاقتصادية المعاصرة،الوقائع الاقتصادية في إفريقيا قبل الاستعمار الرأسمالي،العولمة،العولمة الاقتصادية،آثار العولمة الاقتصادية،التنمية المستدامة | ||
| 653 | _aالإقتصاد | ||
| 653 | _aالتاريخ- الإقتصاد | ||
| 653 | _aالتنمية الإقتصادية | ||
| 653 | _aالتنمية المستدامة | ||
| 700 |
_aبوقرة، رابح _eمؤلف ثانوي |
||
| 942 | _cكتاب | ||
| 999 |
_c43296 _d43296 |
||